Die erfolgreichsten Videospiele aller Zeiten - Statistiken

Allgemein
  • Dieses Quiz wurde 1.380 mal gespielt
  • Das Durchschnittsergebnis liegt bei 5 aus 13
Antwortstatistiken
Verkäufe Antwort % Korrekt
220 Mio. GTA
80%
120 Mio. Minecraft
78%
295 Mio. Mario
72%
100 Mio. Call of Duty
62%
125 Mio. Tetris
57%
65 Mio. Fifa
55%
193 Mio. Pokemon
46%
100 Mio. Need for Speed
19%
73 Mio. Assassin's Creed
13%
97 Mio. Final Fantasy
11%
59 Mio. The Legend of Zelda
10%
125 Mio. Die Sims
5%
75 Mio. Madden NFL
3%
Keine übereinstimmenden Quizze gefunden
Verteilung der Resultate
Anzahl Personen mit jedem Resultat
Perzentil nach korrekt beantworteten Fragen
Ihre Resultats-Entwicklung
Sie haben dieses Quiz noch nicht gespielt